Managerial economics and financial accounting / (Record no. 5712)

MARC details
000 -LEADER
fixed length control field 00453nam a2200157 4500
001 - CONTROL NUMBER
control field 6772
005 - DATE AND TIME OF LATEST TRANSACTION
control field 20181127182217.0
020 00 - INTERNATIONAL STANDARD BOOK NUMBER
International Standard Book Number 9788120333215
100 00 - MAIN ENTRY--PERSONAL NAME
Personal name Reddy, M Kasi.
245 00 - TITLE STATEMENT
Title Managerial economics and financial accounting /
Remainder of title
Statement of responsibility, etc. M Kasi Reddy; S Saraswathi.
Medium
260 00 - PUBLICATION, DISTRIBUTION, ETC.
Place of publication, distribution, etc. New Delhi ;
Name of publisher, distributor, etc. Prentice-Hall of India,
Date of publication, distribution, etc. 2007.
300 00 - PHYSICAL DESCRIPTION
Extent xiv, 578 p; 25 cm.
650 00 - SUBJECT ADDED ENTRY--TOPICAL TERM
Topical term or geographic name entry element Accounting.
General subdivision
Topical term or geographic name entry element Economics.
General subdivision
Topical term or geographic name entry element Managerial economics.
General subdivision
Holdings
Withdrawn status Lost status Source of classification or shelving scheme Damaged status Not for loan Collection code Home library Current library Shelving location Serial Enumeration / chronology Inventory number Total Checkouts Full call number Barcode Date last seen Price effective from Koha item type
    Dewey Decimal Classification     Main TEST RTC Library RTC Library Main opac 10555   338.50246 RED 30010385 27/11/2018 27/11/2018 Main
Royal Thimphu College || All Right Reserved